00519nam a2200157Ia 4500008004100000041001200041082001600053100001600069245003200085260003200117300000800149650001200157942000700169999001500176952017000191221030s9999 xx 000 0 und d aEnglish a105.23bAna aM. R. Anand 0aUntouchablecby M. R. Anand bArnold PubaNew Delhic1981 a182 aGeneral cBK c3677d3677 pBE 7339g30.00l0o105.23 Anar2024-06-13 00:00:00w2022-10-30yBK003Print4070aMIETLIBbMIETLIBcBL-Academic Block A, FL-1, CUP-21, SH-3, R-3d2004-06-2810HBE